| 000 | 00000nam##2200000za#4500 |
| 001 | 9.642156 |
| 003 | CaOODSP |
| 005 | 20210624223551 |
| 007 | cr ||||||||||| |
| 008 | 150407|1996||||xxc|||||o f|0| 0 fre|d |
| 040 | |aCaOODSP|bfre |
| 043 | |an-cn--- |
| 086 | 1 |aRH64-97/1996F-PDF |
| 110 | 1 |aCanada.|bDéveloppement des ressources humaines Canada. |bPolitique stratégique. |
| 245 | 13|aLa Stratégie du poisson de fond de l'Atlantique : |h[ressource électronique]|brapport d'évaluation formative (LSPFA/DRHC) / |c[par] Évaluation et développement des données. |
| 260 | |aOttawa - Ontario : |bDéveloppement des ressources humaines Canada. |cJuin 1996. |
| 300 | |a15p.|bfigures, tableaux |
| 590 | |a13-16-Supp|b2013-07-12 |
| 775 | 08|tEvaluation of the Atlantic Groundfish Strategy TAGS/HRDC : |w(CaOODSP)9.698163 |
| 856 | 40|ahttp://publications.gc.ca|qPDF|s52 Ko|uhttps://publications.gc.ca/collections/collection_2013/rhdcc-hrsdc/RH64-97-1996-fra.pdf |